Nomadic Furniture 2 /

Guardado en:
Bibliografiske detaljer
Hovedforfatter: Hennessey, James (autor)
Andre forfattere: Papanek, Victor (autor) (autor)
Format: Bog
Sprog:engelsk
Udgivet: Nueva York, EUA : Pantheon Books, 1974, c1974
Fag:
Tags: Tilføj Tag
Ingen Tags, Vær først til at tagge denne postø!

MARC

LEADER 00000nam^a2200000^a^4500
001 000038909
005 20250521000000.0
009 20260310085522.847
020 |a 0-394-70638-2 
037 |a Acervo ITESO - Biblioteca 
041 |a ING 
082 |a 749.  |b HEN 
100 |a Hennessey, James  |e (autor) 
245 1 0 |a Nomadic Furniture 2 /  |c J. Hennessey, V. Papanek. 
264 4 |a Nueva York, EUA :  |b Pantheon Books,  |c 1974, c1974 
300 |a 153 p. 
336 |a texto  |b txt  |2 rdacontenido 
337 |a sin mediación  |b n  |2 rdamedio 
338 |a volumen  |b nc  |2 rdasoporte 
649 |a XX 
650 |a Muebles 
650 |a Diseño Industrial 
650 |a Artesanía 
650 |a Arte Popular 
700 |a Papanek, Victor  |e (autor) 
910 |a Fondo General 
920 |a Impresos - Libros 
930 |a Colección General 
905 |a 101 
901 |a 0389090100  |b IT1  |c ACC  |i 038909  |u 20250521 
902 |a https://opac.biblio.iteso.mx/vufind/Record/000038909